000 00525nam a2200145Ia 4500
008 100204s9999 xx 000 0 und d
082 _b11863
100 _aपुरंदरे बाबासाहेब
245 _aकलावंतिणीचा सज्जा
260 _b"पुरंदरं पंकाशन , पुणे"
_c1989
300 _a55
630 _aकलावंतिणीचा सज्जा
730 _aकलावंतिणीचा सज्जा
942 _cBOOK
999 _c456275
_d456272